| 000 | 01063cam a22003377a 4500 | ||
|---|---|---|---|
| 003 | CHAP | ||
| 005 | 20220817043245.0 | ||
| 008 | 971013s1986 r 00010 d | ||
| 010 | _a69737 | ||
| 011 | _a70709 | ||
| 035 | _a80262 | ||
| 040 | _cCHAP | ||
| 090 | _aFolleto 11000 | ||
| 100 | 0 | 0 |
_aJarvis, R. J. _961202 |
| 245 | 0 | _aContinuous cereal cropping with alternative tillage systems in western Australia | |
| 260 |
_aPerth, Western Australia : _bDepartment of Agriculture, _c1986 |
||
| 300 |
_a37 p. _b: ilus. ; gráfs. |
||
| 490 | 0 |
_aTechnical bulletin _v; 71 |
|
| 590 |
_aBATCH-UPD _b10 _c20130110 _lUCH01 _h0440 |
||
| 590 |
_aBATCH-UPD _b10 _c20130110 _lUCH01 _h2139 |
||
| 590 |
_aCONVERSION _b10 _c20130109 _lUCH01 _h1338 |
||
| 650 | 1 | 4 |
_aCereales _xAustralia. _921393 |
| 650 | 1 | 4 |
_aLabranza. _964303 |
| 650 | 1 | 4 |
_aSuelos y cultivos. _9110571 |
| 700 | 0 |
_aDelroy, N. D. _931710 |
|
| 700 | 0 |
_aHamblin, A. P. _952409 |
|
| 830 | 0 |
_aTechnical bulletin _v; 71 |
|
| 901 | _aBK | ||
| 942 | _cFOLL | ||
| 949 |
_aFolleto 11000 _bBC _cFOLL _d-33164 _eTS1 _i80262 _si |
||
| 999 |
_c69737 _d69737 |
||